00238nam a22001097a 4500020001500000082001200015100002100027245001700048260004000065300000900105650001400114 a0030546427 a574.192 aCampbell, Mary K aBiochemistry bSAunders College Publicationsc1991 a184p aChemistry